000 00640nam a2200241Ia 4500
003 OSt
005 20221005131026.0
006 a|||||r|||| 00| 0
007 ta
008 221004b |||||||| |||| 00| 0 eng d
024 _a67608
037 _cTextual
040 _aCRL
_cCRL
_beng
041 _2eng
_aeng
082 _aX9D-S.1, N2
100 _aLowe Janet
_9316779
245 0 _aSecret empire
_b How 25 multinationals rule the world Homewood Business one Irwin, 1992
260 _c1992
300 _a248p.
_ccm.
650 _aECONOMICS
942 _hX9D-S.1, N2
_cTEXL
_2cc
999 _c1059116
_d1059116